000 00387nam a2200145 i 4500
001 78627
003 ES-MaACL
007 t|
008 041015s1929 gw ||||1| ger d
100 1 _aHeck, Philipp.
_962279
245 1 0 _aGrundris des Schuldrechts /
_cvon Philipp Heck.
260 _aTübingen :
_bJ.C.B. Mohr,
_c1929.
300 _aXVI, 492 p. ;
_c23 cm.
852 _aES-MaACL
_jB-6171
999 _c78627
_d78627